Statistieken voor Wat ben je als je uit ... komt?

Klik hier om de quiz te nemen!

Algemene statistieken

  • Deze quiz is 39 keer genomen
  • De gemiddelde score is 50 van 187

Antwoordstatistieken

LandNaam% Correct
AlbaniëAlbanees
100%
FrankrijkFrans
63%
DuitslandDuits
60%
DenemarkenDeens
57%
FinlandFins
57%
GriekenlandGrieks
57%
HongarijeHongaars
57%
IerlandIers
57%
IJslandIJslands
57%
ItaliëItaliaans
57%
NederlandNederlands
57%
BulgarijeBulgaars
53%
EstlandEsts
53%
LetlandLets
53%
BelgiëBelgisch
50%
KroatiëKroatisch
50%
SpanjeSpaans
50%
Verenigd KoninkrijkEngels
47%
LiechtensteinLiechtensteins
47%
LuxemburgLuxemburgs
47%
NoorwegenNoors
47%
PolenPools
47%
PortugalPortugees
47%
ZwedenZweeds
47%
ZwitserlandZwitsers
47%
ChinaChinees
43%
JapanJapans
43%
RoemeniëRoemeens
43%
RuslandRussisch
43%
SloveniëSloveens
43%
SlowakijeSlowaaks
43%
ArmeniëArmeens
40%
Bosnië &
Herzegovina
Bosnisch
40%
EgypteEgyptisch
40%
LitouwenLitouws
40%
MexicoMexicaans
40%
OmanOmaans
40%
OostenrijkOostenrijks
40%
ThailandThais
40%
TurkijeTurks
40%
AfghanistanAfghaans
37%
AustraliëAustralisch
37%
BahreinBahreins
37%
BraziliëBraziliaans
37%
ColombiaColombiaans
37%
CubaCubaans
37%
FilipijnenFilipijns
37%
IndonesiëIndonesisch
37%
IrakIraaks
37%
IranIraans
37%
IsraëlIsraëlisch
37%
Noord-Korea | Zuid-KoreaKoreaans
37%
NepalNepalees
37%
PakistanPakistaans
37%
AlgerijeAlgerijns
33%
Verenigde StatenAmerikaans
33%
ArgentiniëArgentijns
33%
BoliviaBoliviaans
33%
CanadaCanadees
33%
GambiaGambiaans
33%
GhanaGhanees
33%
JamaicaJamaicaans
33%
JordaniëJordaans
33%
KazachstanKazachs
33%
Noord-MacedoniëMacedonisch
33%
MaleisiëMaleisisch
33%
MaltaMaltees
33%
MoldaviëMoldavisch
33%
MongoliëMongolisch
33%
Nieuw-ZeelandNieuw-Zeelands
33%
PanamaPanamees
33%
ServiëServisch
33%
VietnamVietnamees
33%
BhutanBhutaans
30%
BruneiBruneis
30%
CambodjaCambodjaans
30%
Costa RicaCostaricaans
30%
Dominica | Dominicaanse
Republiek
Dominicaans
30%
EthiopiëEthiopisch
30%
GeorgiëGeorgisch
30%
GuineeGuinees
30%
KeniaKeniaans
30%
LibiëLibisch
30%
SurinameSurinaams
30%
SyriëSyrisch
30%
TsjechiëTsjechisch
30%
BelarusWit-Russisch
30%
Zuid-AfrikaZuid-Afrikaans
30%
AndorraAndorraans
27%
ChiliChileens
27%
KameroenKameroens
27%
KoeweitKoeweits
27%
KosovoKosovaars
27%
LibanonLibanees
27%
LiberiaLiberiaans
27%
MarokkoMarokkaans
27%
NigeriaNigeriaans
27%
OekraïneOekraïens
27%
TaiwanTaiwanees
27%
UruguayUruguayaans
27%
ZambiaZambiaans
27%
GabonGabonees
23%
KaapverdiëKaapverdisch
23%
KirgiziëKirgizisch
23%
MontenegroMontenegrijns
23%
ParaguayParaguayaans
23%
PeruPeruaans
23%
QatarQatarees
23%
SoedanSoedanees
23%
TunesiëTunesisch
23%
BeninBenins
20%
Democratische Republiek Congo | Republiek CongoCongolees
20%
FijiFijisch
20%
GrenadaGrenadaans
20%
GuatemalaGuatemalaans
20%
HaïtiHaïtiaans
20%
NicaraguaNicaraguaans
20%
OegandaOegandees
20%
RwandaRwandees
20%
SenegalSenegalees
20%
SomaliëSomalisch
20%
AngolaAngolees
17%
AzerbeidzjanAzerbeidzjaans
17%
MalawiMalawisch
17%
NamibiëNamibisch
17%
OezbekistanOezbeeks
17%
St. LuciaSaint-Luciaans
17%
Saoedi-ArabiëSaoedi-Arabisch
17%
Sri LankaSri Lankaas
17%
ZimbabweZimbabwaans
17%
Zuid-SoedanZuid-Soedanees
17%
EcuadorEcuadoraans
13%
Guinee-BissauGuinee-Bissaus
13%
HondurasHondurees
13%
IndiaIndiaas
13%
KiribatiKiribatisch
13%
MicronesiaMicronesisch
13%
MonacoMonegaskisch
13%
Oost-TimorOost-Timorees
13%
San MarinoSanmarinees
13%
SingaporeSingaporees
13%
TongaTongaans
13%
TurkmenistanTurkmeens
13%
BotswanaBotswaans
10%
BurundiBurundees
10%
Centraal-Afrikaanse
Republiek
Centraal-Afrikaans
10%
ComorenComorees
10%
CyprusCyprisch
10%
EritreaEritrees
10%
GuyanaGuyaans
10%
MaldivenMaldivisch
10%
MaliMalinees
10%
Mauritanië | MauritiusMauritaans
10%
MyanmarMyanmarees
10%
NauruNauruaans
10%
El SalvadorSalvadoraans
10%
TanzaniaTanzaniaans
10%
Bahama'sBahamaan
7%
BelizeBelizaans
7%
Equatoriaal-GuineaEquatoriaal-Guinees
7%
IvoorkustIvoriaans
7%
NigerNigerees
7%
TuvaluTuvaluaans
7%
VanuatuVanuatuaans
7%
Burkina FasoBurkinees
3%
DjiboutiDjiboutiaans
3%
JemenJemenitisch
3%
LaosLaotiaans
3%
TadzjikistanTadzjieks
3%
TogoTogolees
3%
VenezuelaVenezolaans
3%
BarbadosBarbadaans
0%
BangladeshBengalees
0%
LesothoLesothaans
0%
MadagaskarMalagassisch
0%
MarshalleilandenMarshalleilands
0%
MozambiqueMozambikaans
0%
Sao Tomé & PrincipeSantomees
0%
SeychellenSeychels
0%
Sierra LeoneSierraleoons
0%
eSwatiniSwazisch
0%
TsjaadTsjadisch
0%
SamoaWest-Samoaans
0%

Scoreverdeling

Percentiel versus Aantal Correcte Antwoorden

Procent van Mensen met Elke Score

Uw Scoregeschiedenis

U heeft deze quiz nog niet genomen